Detalles MARC
| 000 -LEADER |
| fixed length control field |
03558nam a2200337 i 4500 |
| 005 - DATE AND TIME OF LATEST TRANSACTION |
| control field |
20250329165421.0 |
| 007 - PHYSICAL DESCRIPTION FIXED FIELD--GENERAL INFORMATION |
| fixed length control field |
ta |
| 008 - FIXED-LENGTH DATA ELEMENTS--GENERAL INFORMATION |
| fixed length control field |
200622s2021 000 0 eng d |
| 040 ## - CATALOGING SOURCE |
| Original cataloging agency |
CO-CtgCURN |
| Language of cataloging |
spa |
| Transcribing agency |
coctgcurn |
| Description conventions |
rda |
| 082 0# - DEWEY DECIMAL CLASSIFICATION NUMBER |
| Classification number |
COP 2021 |
| Item number |
M491 |
| 100 1# - MAIN ENTRY--PERSONAL NAME |
| Personal name |
Medina Vanegas, Iván David, |
| Relator term |
author. |
| Relationship |
aut |
| 245 10 - TITLE STATEMENT |
| Title |
Análisis de las sanciones impuestas por la junta central de contadores en los últimos 5 años (2016 2021) / |
| Statement of responsibility, etc. |
Iván David Medina Vanegas; Ana Carolina Tapia Gelves; Keiner Enrique Córdoba Gavalo; Steffany Paola López Guzmán; asesor: José Zambrano Torres. |
| 260 ## - PUBLICATION, DISTRIBUTION, ETC. |
| Date of publication, distribution, etc. |
2021. |
| 260 ## - PUBLICATION, DISTRIBUTION, ETC. |
| Place of publication, distribution, etc. |
Cartagena de Indias : |
| Name of publisher, distributor, etc. |
Corporación Universitaria Rafael Núñez, |
| Date of publication, distribution, etc. |
2021. |
| 260 ## - PUBLICATION, DISTRIBUTION, ETC. |
| Place of publication, distribution, etc. |
Cartagena de Indias : |
| Name of publisher, distributor, etc. |
Corporación Universitaria Rafael Núñez, |
| Date of publication, distribution, etc. |
2021. |
| 260 ## - PUBLICATION, DISTRIBUTION, ETC. |
| Date of publication, distribution, etc. |
2021. |
| 300 ## - PHYSICAL DESCRIPTION |
| Extent |
45 hojas. |
| 336 ## - CONTENT TYPE |
| Content type term |
text |
| Content type code |
txt |
| Source |
rdacontent |
| 337 ## - MEDIA TYPE |
| Media type term |
unmediated |
| Media type code |
n |
| Source |
rdamedia |
| 338 ## - CARRIER TYPE |
| Carrier type term |
volume |
| Carrier type code |
nc |
| Source |
rdacarrier |
| 502 ## - DISSERTATION NOTE |
| Dissertation note |
Trabajo de grado (Contador público). Corporación Universitaria Rafael Núñez. Facultad de Ciencias Administrativas y Contables. Programa de Contaduría Pública, 2021. |
| 520 8# - SUMMARY, ETC. |
| Summary, etc. |
"El presente estudio tiene como principal propósito, realizar un análisis de las sanciones impuestas por la Junta Central de Contadores (2016 -2021). Por lo que se enfoca en una exploración de archivos, que pretende explicar de manera sencilla diferentes características, tipos de sanciones y principales causas. El problema se relaciona con la descripción de las conductas sancionadas a los contadores. Las conductas sancionadas indican la inobservancia de las normas de ética. El conocimiento de las sanciones a los contadores públicos, sus fundamentos, gradualidad e implicaciones, exige desarrollar procesos de formación continua en los contadores públicos que permitan conocer el marco de actuación ética y legal. Como método de investigación, se efecta un análisis crítico partir de un estudio bibliométrico retrospectivo y descriptivo, realizado a través de una síntesis de aportes teóricos en los trabajos publicados por los repositorios académicos. Basado en lo anterior, el presente proyecto se desarrolló con la muestra de 209 casos de Contadores Públicos sancionados en total, desde el año 2016 hasta el año 2021. Una vez realizado el cálculo se obtuvo que de los casos analizados hubo 170 casos de suspensión correspondiendo al 81% de la muestra, 14 casos de amonestación es decir un 7% de la muestra y 21 casos de cancelación que implican el 10% de la muestra, y los multados fueron 7 casos que corresponden al 2% de la muestra. Por lo que se concluye que el conocimiento del proceso disciplinario aplicable a los contadores públicos en su ejercicio profesional permite reconocer un marco legal de actuación y un procedimiento sancionatorio que debe ser conocido, estudiado y problematizado por la comunidad contable y su organismo disciplinario, sin perjuicio de las responsabilidades distintas a la disciplinaria." |
| 650 #0 - SUBJECT ADDED ENTRY--TOPICAL TERM |
| Topical term or geographic name entry element |
Contaduría pública |
| General subdivision |
Tesis y disertaciones académicas. |
| 700 1# - ADDED ENTRY--PERSONAL NAME |
| Personal name |
Tapia Gelves, Ana Carolina. |
| 700 1# - ADDED ENTRY--PERSONAL NAME |
| Personal name |
Córdoba Gavalo, Keiner Enrique. |
| 700 1# - ADDED ENTRY--PERSONAL NAME |
| Personal name |
López Guzmán, Steffany Paola. |
| 700 1# - ADDED ENTRY--PERSONAL NAME |
| Personal name |
Zambrano Torres, José, |
| Titles and other words associated with a name |
asesor. |
| 856 7# - ELECTRONIC LOCATION AND ACCESS |
| Uniform Resource Identifier |
<a href="https://unicurn.sharepoint.com/:b:/s/biblioteca/EX-YIjTH9o1CkZu8u3g7if0BtJv3u5qfWPAS6TXN5Bv91Q?e=jPheqj">https://unicurn.sharepoint.com/:b:/s/biblioteca/EX-YIjTH9o1CkZu8u3g7if0BtJv3u5qfWPAS6TXN5Bv91Q?e=jPheqj</a> |
| Public note |
Click para ver el recurso en texto completo |
| 942 ## - ADDED ENTRY ELEMENTS (KOHA) |
| Source of classification or shelving scheme |
Dewey Decimal Classification |
| Institution code [OBSOLETE] |
MHC |
| -- |
MHC |
| Koha item type |
|
| Classification part |
COP 2021 |
| Item part |
M491 |